| 000 | 01080 a2200193 4500 | ||
|---|---|---|---|
| 003 | Nust | ||
| 005 | 20170207154103.0 | ||
| 020 | _a81-203-23149(case-) | ||
| 040 | _cNust | ||
| 082 | _a621.381 | ||
| 100 | _aTocci, Ronald J. | ||
| 245 |
_aDigital systems : _bprinciples and applications / _cRonald J. Tocci, Neal S. Widmer. |
||
| 250 | _a8th ed | ||
| 260 |
_aUpper Saddle River, N.J. : _bPrentice Hall, _cc2001 |
||
| 300 | _axxiv,881p; | ||
| 505 | _aIntroductory to Concepts (Page-2) Number Systems and Cods (Page-24) Logic Gates and Boolean Algebra (Page-56) Combinational Logic Circuits (Page-112) Flip Flops and Related Devices (Page-180) Digital Arithmetic :Operations and Circuits (Page-262) Counters and Register (Page-318) Integrated Circuits Logic Families (Page-414) MSI Logic Circuits (Page-510) Interfacing with the Analog World (Page-602) Memory Devices (Page-670) Application of a Programmable Logic Devices (Page-772) Introduction to the Microprocessor and Microcomputers (Page-804) | ||
| 538 | _aAlmirah No.24 and Shelf No.6 | ||
| 650 | _aTelecommunication Engineering. | ||
| 942 | _cREF | ||
| 999 |
_c193650 _d193650 |
||